[Event "Capo di tutti capi"]
[Site "SchemingMind.com"]
[Date "2008.08.14"]
[Round "-"]
[White "thebirdolux"]
[Black "smothered mate"]
[Result "1-0"]
[WhiteCountry "USA"]
[BlackCountry "POL"]
[WhiteElo "2261"]
[WhiteRD "73"]
[BlackElo "1886"]
[BlackRD "52"]
[GameID "167259"]

1. e4 c5 2. c3 e6 3. d4 cxd4 4. cxd4 d5 5. exd5 exd5 6. Nf3 Nc6 7. Nc3 Bb4 8. Bd3 Bg4 9. O-O Nge7 10. a3 Bd6
11. Re1 O-O 12. Bxh7+ Kxh7 13. Ng5+ Kg8 14. Qxg4 Qc8 15. Qh5 Qf5 16. Nb5 Bb8 17. Be3 a6 18. Nc3 Bc7 19. g4 Qg6 20. Qxg6 Nxg6
21. Nxd5 Bd6 22. f4 Rae8 23. f5 Nh8 24. Rad1 Rd8 25. Nc3 Ne7 26. Nge4 Bb8 27. Nc5
1-0

[Event "Capo di tutti capi"]
[Site "SchemingMind.com"]
[Date "2008.08.14"]
[Round "-"]
[White "smothered mate"]
[Black "thebirdolux"]
[Result "0-1"]
[WhiteCountry "POL"]
[BlackCountry "USA"]
[WhiteElo "1886"]
[WhiteRD "52"]
[BlackElo "2261"]
[BlackRD "73"]
[GameID "167260"]

1. e4 c5 2. c3 d5 3. exd5 Qxd5 4. d4 Nf6 5. Nf3 Bg4 6. Qa4+ Bd7 7. Qb3 cxd4 8. Bc4 Qe4+ 9. Kd1 e6 10. Re1 Qc6
11. cxd4 Qc7 12. Ne5 Nc6 13. Nxf7 Nxd4 14. Bxe6 Nxb3 15. Bxb3+ Be7 16. Nxh8 O-O-O 17. Bd2 Rxh8 18. Rxe7 Bg4+ 19. Re2 Bxe2+ 20. Kxe2 Qe5+
21. Kf1 Qxb2 22. Bc3 Qc1+ 23. Ke2 Re8+ 24. Kf3 Qf1
0-1

[Event "Capo di tutti capi"]
[Site "SchemingMind.com"]
[Date "2008.09.06"]
[Round "-"]
[White "Schaakmaatje"]
[Black "smothered mate"]
[Result "1-0"]
[WhiteCountry "NED"]
[BlackCountry "POL"]
[WhiteElo "1804"]
[WhiteRD "46"]
[BlackElo "1886"]
[BlackRD "52"]
[GameID "169456"]

1. e4 c5 2. Nf3 d6 3. d4 cxd4 4. Nxd4 Nf6 5. Nc3 g6 6. Be3 Bg7 7. f3 O-O 8. Qd2 Nc6 9. O-O-O Bd7 10. g4 Ne5
11. h4 h5 12. gxh5 Nxh5 13. Bh6 Rc8 14. Bxg7 Kxg7 15. f4 Nc4 16. Bxc4 Rxc4 17. Nd5 Rh8 18. Qg2 e6 19. Ne3 Nxf4 20. Qf1 Rxd4
21. Rxd4 Rxh4 22. Rxd6 Rxh1 23. Qxh1 Qe7 24. Qd1 Ne2+ 25. Kb1 Bb5 26. c4 Ba4 27. Qd2 Ng3 28. b3 Bc6 29. e5 Ne4 30. Qh2 Nxd6
31. exd6 Be4+ 32. Kc1 Qf6 33. Qb2 Qxb2+ 34. Kxb2 Bc6 35. Kc3 Kf6 36. Ng4+ Kf5 37. Nh6+ Ke5 38. Nxf7+ Kf6 39. Nh6 g5 40. Kd4 Bf3
41. c5 g4 42. Ke3 e5 43. Nf5 Bc6 44. Ng3 Kg5 45. b4 Kh4 46. Kf2 Kh3 47. Nf5 Kh2 48. Ng3 e4 49. Nxe4 Bxe4 50. d7 g3+
51. Ke2 g2 52. d8=Q g1=Q 53. Qh4+ Kg2 54. Qxe4+ Kh3 55. Qh7+ Kg2 56. Qxb7+ Kh2 57. Qh7+ Kg2 58. Qg7+ Kh2 59. Qxg1+
1-0

[Event "Capo di tutti capi"]
[Site "SchemingMind.com"]
[Date "2008.09.06"]
[Round "-"]
[White "Schaakmaatje"]
[Black "thebirdolux"]
[Result "0-1"]
[WhiteCountry "NED"]
[BlackCountry "USA"]
[WhiteElo "1804"]
[WhiteRD "46"]
[BlackElo "2261"]
[BlackRD "73"]
[GameID "169457"]

1. e4 c5 2. Nf3 d6 3. d4 cxd4 4. Nxd4 Nf6 5. Nc3 a6 6. f3 e5 7. Nb3 Be6 8. Nd5 Nbd7 9. Be3 Nxd5 10. exd5 Bf5
11. Bd3 Qh4+ 12. Bf2 Qf4 13. Bxf5 Qxf5 14. O-O Be7 15. Na5 O-O 16. Nc4 Rac8 17. Ne3 Qg5 18. c4 f5 19. Rc1 f4 20. Ng4 e4
21. fxe4 h5
0-1

[Event "Capo di tutti capi"]
[Site "SchemingMind.com"]
[Date "2008.09.06"]
[Round "-"]
[White "smothered mate"]
[Black "Schaakmaatje"]
[Result "0-1"]
[WhiteCountry "POL"]
[BlackCountry "NED"]
[WhiteElo "1886"]
[WhiteRD "52"]
[BlackElo "1804"]
[BlackRD "46"]
[GameID "169458"]

1. e4 c5 2. c3 g6 3. d4 Nf6 4. e5 Nd5 5. c4 Nb4 6. a3 N4c6 7. dxc5 Nxe5 8. f4 Nec6 9. Nc3 Bg7 10. Nf3 Qa5
11. Be3 Bxc3+ 12. bxc3 Qxc3+ 13. Bd2 Qf6 14. Qc2 Qxa1+ 15. Kf2 Na6 16. Bc3 Qxa3 17. Bxh8 Qxc5+ 18. Kg3 d6 19. Bd3 Nab4 20. Qc3 Nxd3
21. Qxd3 Bf5 22. Qb3 O-O-O 23. Bc3 e5 24. h3 exf4+ 25. Kh2 d5 26. cxd5 Qxd5 27. Qb2 Re8 28. Rc1 Kb8 29. Bf6 Rc8 30. Ne5 Nd4
31. Re1 Rc2 32. Nc6+ Qxc6 33. Re8+ Qxe8 34. Qxd4 f3 35. Be5+ Ka8 36. h4 Rxg2+ 37. Kh1 Qc8 38. Qa1 Qc2 39. Qf1 Bh3
0-1

[Event "Capo di tutti capi"]
[Site "SchemingMind.com"]
[Date "2008.09.06"]
[Round "-"]
[White "thebirdolux"]
[Black "Schaakmaatje"]
[Result "1-0"]
[WhiteCountry "USA"]
[BlackCountry "NED"]
[WhiteElo "2227"]
[WhiteRD "74"]
[BlackElo "1851"]
[BlackRD "48"]
[GameID "169459"]

1. e4 c5 2. Nc3 d6 3. f4 e6 4. Nf3 Nf6 5. d4 Be7 6. dxc5 dxc5 7. Qxd8+ Bxd8 8. Bd2 O-O 9. e5 Nd5 10. Ne4 Be7
11. c4 Nb6 12. Nd6 Nc6 13. Be3 Nb4 14. O-O-O Bd7 15. a3 Bxd6 16. axb4
1-0

[Event "Capo di tutti capi"]
[Site "SchemingMind.com"]
[Date "2008.09.08"]
[Round "-"]
[White "egis"]
[Black "Schaakmaatje"]
[Result "1-0"]
[WhiteCountry "LTU"]
[BlackCountry "NED"]
[WhiteElo "1985"]
[WhiteRD "77"]
[BlackElo "1759"]
[BlackRD "55"]
[GameID "169718"]

1. e4 c5 2. Nf3 d6 3. d4 cxd4 4. Nxd4 Nf6 5. f3 a6 6. Bc4 e6 7. O-O Be7 8. Bg5 O-O 9. Bxf6 Bxf6 10. c3 Nc6
11. Nxc6 bxc6 12. a4 Qb6+ 13. Rf2 d5 14. Bd3 d4 15. Qd2 Rd8 16. a5 Qc5 17. Ra4 dxc3 18. bxc3 Rb8 19. Qc2 Rxb1+ 20. Qxb1 Qxc3
21. Bf1 Bd4 22. Rxd4 Qxd4 23. h3 c5 24. Qb6 Qb4 25. Qxd8#
1-0

[Event "Capo di tutti capi"]
[Site "SchemingMind.com"]
[Date "2008.09.08"]
[Round "-"]
[White "egis"]
[Black "thebirdolux"]
[Result "0-1"]
[WhiteCountry "LTU"]
[BlackCountry "USA"]
[WhiteElo "1979"]
[WhiteRD "70"]
[BlackElo "2322"]
[BlackRD "74"]
[GameID "169719"]

1. e4 c5 2. Nf3 d6 3. d4 cxd4 4. Nxd4 Nf6 5. Nc3 a6 6. Bd3 g6 7. O-O Bg7 8. b3 O-O 9. Bg5 d5 10. exd5 Nxd5
11. Nxd5 Qxd5 12. Be3 Nd7 13. c4 Qd6 14. Bc2 Ne5 15. h3 Nc6 16. Nxc6 Qxc6 17. Rb1 b5 18. Bd3 Bb7 19. f3 Qd6 20. Qc2 Rfd8
21. Rfd1 Rac8 22. a4 Qe5 23. Qe2 bxc4 24. bxc4 Bc6 25. Bb6 Qf4 26. Bxd8 Bd4+ 27. Kh1 Be5 28. Kg1 Qh2+ 29. Kf2 Bd4+ 30. Ke1 Rxd8
31. Be4 Bxa4 32. Rd3 Bd7 33. Ra3 Be6 34. Kd1 Qd6 35. Ra4 Bf6+ 36. Kc1 Bxc4 37. Rxc4 Qa3+ 38. Rb2 Bxb2+ 39. Qxb2 Rd1+ 40. Kxd1 Qxb2
41. Bc2 Qe5 42. Re4 Qc5 43. Re2 a5 44. Be4 a4 45. Rd2 Qg1+ 46. Kc2 e6 47. Bd3 Qd4 48. Be4 Qc5+ 49. Kb1 Qe3 50. Rc2 f5
51. Bb7 Qd3 52. Bc6 Qd1+ 53. Rc1 Qb3+ 54. Ka1 Qa3+ 55. Kb1 Qb4+ 56. Kc2 a3 57. g4 Qb2+ 58. Kd1 a2 59. gxf5 gxf5 60. Be8 Qxc1+
61. Kxc1 a1=Q+ 62. Kc2 Qa6 63. Kd2 Kf8
0-1

[Event "Capo di tutti capi"]
[Site "SchemingMind.com"]
[Date "2008.09.08"]
[Round "-"]
[White "smothered mate"]
[Black "egis"]
[Result "1/2-1/2"]
[WhiteCountry "POL"]
[BlackCountry "LTU"]
[WhiteElo "1921"]
[WhiteRD "50"]
[BlackElo "1973"]
[BlackRD "76"]
[GameID "169720"]

1. e4 c5 2. c3 d5 3. exd5 Qxd5 4. d4 Nf6 5. Nf3 Bg4 6. Qa4+ Nc6 7. Bc4 Qe4+ 8. Be3 Bxf3 9. Nd2 Bd1 10. Rxd1 Qxg2
11. Ke2 Qg4+ 12. f3 Qg2+ 13. Bf2 cxd4 14. cxd4 Qg5 15. Qb3 O-O-O 16. Rhg1 Qf4 17. Rc1 Qxd4 18. Be6+ Kb8 19. Rgd1 fxe6 20. Rxc6 Qd5
21. Rxe6 Qxb3 22. Nxb3 Rxd1 23. Kxd1 Nd5 24. Nc5 g6 25. Bd4 Rg8 26. Be5+ Ka8 27. Ne4 Bh6 28. Nc3 Nxc3+ 29. Bxc3 Bf8 30. Bf6 Bg7
31. Bxg7 Rxg7 32. Ke2=
1/2-1/2

[Event "Capo di tutti capi"]
[Site "SchemingMind.com"]
[Date "2008.09.08"]
[Round "-"]
[White "Schaakmaatje"]
[Black "egis"]
[Result "0-1"]
[WhiteCountry "NED"]
[BlackCountry "LTU"]
[WhiteElo "1752"]
[WhiteRD "60"]
[BlackElo "1973"]
[BlackRD "76"]
[GameID "169721"]

1. e4 c5 2. Nf3 e6 3. d4 cxd4 4. Nxd4 Nc6 5. Nc3 Qc7 6. Be2 Be7 7. Be3 Nf6 8. Qd2 O-O 9. O-O b6 10. f3 a5
11. Ndb5 Qb7 12. Na4 d5 13. exd5 Nxd5 14. Bf2 h6 15. c4 Bg5 16. Nd6 Qc7 17. Qd1 Ne3 18. Bxe3 Bxe3+ 19. Kh1 Ba6 20. Qd3 Bf4
21. Nb5 Bxb5 22. cxb5 Nb4 23. Qe4 Nd5 24. Rad1 Ne3 25. Nxb6 Qxb6 26. Qxf4 Nxf1 27. Bxf1 Rac8 28. Bd3 Rc5 29. Qe4 Rd8 30. Qe3 Rdd5
31. Re1 Rxb5 32. Qxb6 Rxb6 33. Bc4 Rd2 34. b3 Rxa2 35. h3 Rb4 36. Rd1 Kh7 37. Rd7 Kg6 38. f4 a4 39. Rd3 Kf5 40. Rf3 Kf6
41. f5 e5 42. g4 Rb2
0-1

[Event "Capo di tutti capi"]
[Site "SchemingMind.com"]
[Date "2008.09.08"]
[Round "-"]
[White "thebirdolux"]
[Black "egis"]
[Result "1-0"]
[WhiteCountry "USA"]
[BlackCountry "LTU"]
[WhiteElo "2314"]
[WhiteRD "70"]
[BlackElo "1973"]
[BlackRD "76"]
[GameID "169722"]

1. e4 c5 2. Nf3 d6 3. d4 cxd4 4. Nxd4 Nf6 5. Nc3 a6 6. Be3 e5 7. Nb3 Be7 8. f3 O-O 9. Qd2 b5 10. Nd5 Nc6
11. Be2 Nxd5 12. exd5 Nb8 13. O-O Nd7 14. Na5 Nc5 15. Nc6 Qc7 16. b4 Na4 17. c4 Qb7 18. cxb5 axb5 19. Nxe7+ Qxe7 20. Bxb5 Rd8
21. Rfc1 h6 22. Bc6 Bb7 23. Rab1 h5 24. Qd1 Bxc6 25. dxc6 e4 26. b5 Nc5 27. b6 Re8 28. b7 Rad8 29. fxe4 g6 30. Qd5 Qc7
31. Bxc5 dxc5 32. Qxc5 Rb8 33. Qb6 Re7 34. a4 f6 35. Qxc7 Rxc7 36. a5 Rf8 37. b8=Q Rcc8 38. c7 f5 39. Qxc8 Rxc8 40. Rb8 Kf7
41. Rxc8 Kg7 42. e5 h4 43. Rh8 Kxh8 44. c8=Q+
1-0

[Event "Capo di tutti capi"]
[Site "SchemingMind.com"]
[Date "2008.09.14"]
[Round "-"]
[White "TRFz"]
[Black "smothered mate"]
[Result "1-0"]
[WhiteCountry "GBR"]
[BlackCountry "POL"]
[WhiteElo "2226"]
[WhiteRD "68"]
[BlackElo "1882"]
[BlackRD "54"]
[GameID "170696"]

1. e4 c5 2. Nf3 d6 3. d4 cxd4 4. Nxd4 Nf6 5. Nc3 g6 6. Be3 Bg7 7. f3 O-O 8. Qd2 Nc6 9. O-O-O Bd7 10. h4 h5
11. Kb1 Rb8 12. Nd5 Nxd5 13. exd5 Na5 14. g4 hxg4 15. h5 b5 16. Bh6 Nc4 17. Bxc4 bxc4 18. Bxg7 Kxg7 19. hxg6 fxg6 20. Qh6+ Kf7
21. Qh7+ Kf6 22. fxg4 Bxg4 23. Qh4+
1-0

[Event "Capo di tutti capi"]
[Site "SchemingMind.com"]
[Date "2008.09.14"]
[Round "-"]
[White "TRFz"]
[Black "Schaakmaatje"]
[Result "1-0"]
[WhiteCountry "GBR"]
[BlackCountry "NED"]
[WhiteElo "2221"]
[WhiteRD "64"]
[BlackElo "1804"]
[BlackRD "46"]
[GameID "170697"]

1. e4 c5 2. Nf3 d6 3. d4 cxd4 4. Nxd4 Nf6 5. Nc3 g6 6. Be3 Bg7 7. f3 Nc6 8. Qd2 O-O 9. O-O-O Bd7 10. h4 a6
11. g4 Nxd4 12. Bxd4 b5 13. h5 b4 14. Nd5 Nxd5 15. Bxg7 Kxg7 16. hxg6 Nf6 17. Qh6+ Kh8 18. g7+ Kg8 19. g5
1-0

[Event "Capo di tutti capi"]
[Site "SchemingMind.com"]
[Date "2008.09.13"]
[Round "-"]
[White "TRFz"]
[Black "thebirdolux"]
[Result "1/2-1/2"]
[WhiteCountry "GBR"]
[BlackCountry "USA"]
[WhiteElo "2226"]
[WhiteRD "68"]
[BlackElo "2301"]
[BlackRD "71"]
[GameID "170698"]

1. e4 c5 2. Nf3 d6 3. d4 cxd4 4. Nxd4 Nf6 5. Nc3 a6 6. a4 e6 7. Be2 Nc6 8. O-O Be7 9. Be3 O-O 10. f4 Qc7
11. Qe1 Nxd4 12. Bxd4 e5 13. Be3 exf4 14. Rxf4 Be6 15. Qg3 Nd7 16. Bd4 Ne5 17. a5 Ng6 18. h4 h6 19. Nd5 Bxd5 20. exd5 Bxh4
21. Rxh4 Qe7 22. Bxa6 Rxa6 23. Rf4 Qc7 24. Bc3 b6 25. Rb4 Rxa5 26. Rxa5=
1/2-1/2

[Event "Capo di tutti capi"]
[Site "SchemingMind.com"]
[Date "2008.09.11"]
[Round "-"]
[White "smothered mate"]
[Black "TRFz"]
[Result "0-1"]
[WhiteCountry "POL"]
[BlackCountry "GBR"]
[WhiteElo "1878"]
[WhiteRD "51"]
[BlackElo "2250"]
[BlackRD "68"]
[GameID "170700"]

1. e4 c5 2. c3 d5 3. exd5 Qxd5 4. d4 Nc6 5. Be3 Nf6 6. Nf3 Bg4 7. Nbd2 cxd4 8. Bc4 Bxf3 9. gxf3 Qa5 10. cxd4 e6
11. O-O Qh5 12. Ne4 Nxe4 13. fxe4 Qg6+ 14. Kh1 Qxe4+ 15. Kg1 O-O-O 16. Rc1 Kb8 17. Bd3 Qd5 18. Bc4 Qe4 19. d5 Ne5 20. Be2 Rxd5
21. Qb3 Bc5 22. Ba6 Nf3+
0-1

[Event "Capo di tutti capi"]
[Site "SchemingMind.com"]
[Date "2008.09.11"]
[Round "-"]
[White "Schaakmaatje"]
[Black "TRFz"]
[Result "0-1"]
[WhiteCountry "NED"]
[BlackCountry "GBR"]
[WhiteElo "1767"]
[WhiteRD "51"]
[BlackElo "2226"]
[BlackRD "68"]
[GameID "170701"]

1. e4 c5 2. c3 d5 3. d4 dxe4 4. Bb5+ Bd7 5. Bxd7+ Qxd7 6. dxc5 Qxd1+ 7. Kxd1 Nf6 8. Ne2 Nbd7 9. c6 bxc6 10. Na3 Ne5
11. Be3 e6 12. Nc2 O-O-O+ 13. Ke1 Nfg4 14. Nc1 Nxe3 15. fxe3 Be7 16. Nd4 c5 17. Ndb3 Nc4 18. Rf1 f5 19. Ke2 Bg5 20. Nxc5 Rd2+
0-1

[Event "Capo di tutti capi"]
[Site "SchemingMind.com"]
[Date "2008.09.14"]
[Round "-"]
[White "thebirdolux"]
[Black "TRFz"]
[Result "1-0"]
[WhiteCountry "USA"]
[BlackCountry "GBR"]
[WhiteElo "2301"]
[WhiteRD "71"]
[BlackElo "2226"]
[BlackRD "68"]
[GameID "170702"]

1. e4 c5 2. Nf3 Nc6 3. Bb5 g6 4. O-O Bg7 5. Re1 Nf6 6. e5 Nd5 7. Nc3 Nc7 8. Bxc6 dxc6 9. Ne4 Ne6 10. d3 O-O
11. Be3 b6 12. Qd2 Re8 13. Bh6 Bh8 14. Neg5 Qd5 15. c4 Qd7 16. Nxe6 Qxe6 17. Re4 Qd7 18. e6 Qb7 19. exf7+ Kxf7 20. Qf4+ Kg8
21. Ne5 Bf6 22. Rae1 Bf5 23. R4e3 e6 24. h3
1-0

[Event "Capo di tutti capi"]
[Site "SchemingMind.com"]
[Date "2008.09.24"]
[Round "-"]
[White "BlueMooner"]
[Black "egis"]
[Result "0-1"]
[WhiteCountry "ENG"]
[BlackCountry "LTU"]
[WhiteElo "1795"]
[WhiteRD "81"]
[BlackElo "1979"]
[BlackRD "70"]
[GameID "171936"]

1. e4 c5 2. Nf3 Nc6 3. d4 cxd4 4. Nxd4 Nf6 5. Nc3 e5 6. Ndb5 a6 7. Na3 Bxa3 8. bxa3 O-O 9. Bg5 h6 10. Bh4 b5
11. Nd5 Qa5+ 12. Qd2 Qxd2+ 13. Kxd2 Nxe4+ 14. Ke3 f5 15. f3 Ng5 16. a4 bxa4 17. Bc4 Ne6 18. Rab1 f4+ 19. Kd2 a3 20. Rhd1 a5
21. Nc7 Ra7 22. Nb5 Rb7 23. Nd6 Rxb1 24. Rxb1 Kh8 25. Kc3 Kh7 26. Kd3 Ned4 27. c3 Nf5
0-1

[Event "Capo di tutti capi"]
[Site "SchemingMind.com"]
[Date "2008.09.20"]
[Round "-"]
[White "BlueMooner"]
[Black "smothered mate"]
[Result "0-1"]
[WhiteCountry "ENG"]
[BlackCountry "POL"]
[WhiteElo "1920"]
[WhiteRD "71"]
[BlackElo "1931"]
[BlackRD "51"]
[GameID "171937"]

1. e4 c5 2. Nf3 d6 3. d4 cxd4 4. Nxd4 Nf6 5. Nc3 g6 6. Be3 Bg7 7. f3 O-O 8. Qd2 Nc6 9. Bc4 Bd7 10. O-O-O Rb8
11. Bb3 Na5 12. Bh6 Bxh6 13. Qxh6 b5 14. h4 e5 15. Nf5 Nxb3+ 16. axb3 gxf5 17. Rxd6 Rb6 18. Nxb5 Qe7 19. Rhd1 Bxb5
0-1

[Event "Capo di tutti capi"]
[Site "SchemingMind.com"]
[Date "2008.09.21"]
[Round "-"]
[White "BlueMooner"]
[Black "Schaakmaatje"]
[Result "1-0"]
[WhiteCountry "ENG"]
[BlackCountry "NED"]
[WhiteElo "1878"]
[WhiteRD "77"]
[BlackElo "1759"]
[BlackRD "55"]
[GameID "171938"]

1. e4 c5 2. Nf3 Nc6 3. d4 cxd4 4. Nxd4 Nf6 5. Nc3 d6 6. Bg5 a6 7. Qd2 h6 8. Bxf6 gxf6 9. f4 Nxd4 10. Qxd4 e5
11. Qf2 b5 12. O-O-O Bb7 13. Be2 b4 14. Nd5 Bxd5 15. Rxd5 Qc7 16. Rhd1 h5 17. Kb1 Be7 18. R1d3 h4 19. Bg4 a5 20. Qd2 Ra6
21. fxe5 fxe5 22. a3 Rb6 23. axb4 axb4 24. Rb3 Qb7 25. Bf3 Kd7 26. Rxe5 Ra8 27. Rxe7+ Kxe7 28. e5 Qa6 29. Qg5+ Kf8 30. Bxa8 Qxa8
31. Qxh4 Qb7 32. Qd8+
1-0

[Event "Capo di tutti capi"]
[Site "SchemingMind.com"]
[Date "2008.09.22"]
[Round "-"]
[White "BlueMooner"]
[Black "thebirdolux"]
[Result "0-1"]
[WhiteCountry "ENG"]
[BlackCountry "USA"]
[WhiteElo "1893"]
[WhiteRD "71"]
[BlackElo "2261"]
[BlackRD "73"]
[GameID "171939"]

1. e4 c5 2. Nf3 d6 3. d4 cxd4 4. Nxd4 Nf6 5. Nc3 Nc6 6. Bg5 e6 7. Qd2 a6 8. O-O-O h6 9. Nxc6 bxc6 10. Bf4 d5
11. Qe3 Bb4 12. f3 O-O 13. g4 Nd7 14. exd5 cxd5 15. h4 Bc5 16. Qd2 Bb7 17. Bxh6 gxh6 18. Qxh6 Qf6 19. Qg5+ Qxg5+ 20. hxg5 Be3+
21. Kb1 Bxg5 22. Bd3 Ne5 23. Bh7+ Kg7
0-1

[Event "Capo di tutti capi"]
[Site "SchemingMind.com"]
[Date "2008.09.24"]
[Round "-"]
[White "egis"]
[Black "BlueMooner"]
[Result "1-0"]
[WhiteCountry "LTU"]
[BlackCountry "ENG"]
[WhiteElo "1979"]
[WhiteRD "70"]
[BlackElo "1795"]
[BlackRD "81"]
[GameID "171941"]

1. e4 c5 2. Nf3 g6 3. c3 d5 4. exd5 Qxd5 5. Na3 Bg7 6. Be2 Nf6 7. O-O O-O 8. Bc4 Qd8 9. d4 cxd4 10. Nxd4 a6
11. Bf4 b5 12. Bd3 Bb7 13. Nac2 Qd5 14. Ne3 Qd7 15. Bg5 Nc6 16. Nxc6 Bxc6 17. Bxf6 Bxf6 18. a3 Rfd8 19. Bc2 Qc7 20. Qe2 b4
21. axb4 Be5 22. g3 Rac8 23. Rxa6 Bb7 24. Ra7 Qc6 25. f3
1-0

[Event "Capo di tutti capi"]
[Site "SchemingMind.com"]
[Date "2008.09.24"]
[Round "-"]
[White "smothered mate"]
[Black "BlueMooner"]
[Result "1/2-1/2"]
[WhiteCountry "POL"]
[BlackCountry "ENG"]
[WhiteElo "1886"]
[WhiteRD "52"]
[BlackElo "1893"]
[BlackRD "71"]
[GameID "171942"]

1. e4 c5 2. c3 d5 3. exd5 Qxd5 4. d4 Nc6 5. Nf3 Bg4 6. Be3 Bxf3 7. gxf3 cxd4 8. cxd4 Nf6 9. Nc3 Qa5 10. Bc4 e6
11. Rg1 Bb4 12. Qb3 b5 13. Bxe6 fxe6 14. Qxe6+ Ne7 15. Rxg7 Bxc3+ 16. bxc3 Qxc3+ 17. Ke2 Qc4+ 18. Qxc4 bxc4 19. Bg5 Ned5=
1/2-1/2

[Event "Capo di tutti capi"]
[Site "SchemingMind.com"]
[Date "2008.09.24"]
[Round "-"]
[White "Schaakmaatje"]
[Black "BlueMooner"]
[Result "0-1"]
[WhiteCountry "NED"]
[BlackCountry "ENG"]
[WhiteElo "1759"]
[WhiteRD "55"]
[BlackElo "1878"]
[BlackRD "77"]
[GameID "171943"]

1. e4 c5 2. c3 d5 3. d4 dxe4 4. Qh5 Nf6 5. Qxc5 Nc6 6. Qg5 h6 7. Qh4 Bf5 8. Na3 e6 9. Nc4 Be7 10. Qg3 Nh5
11. Qe3 O-O 12. f4 Bh4+ 13. g3 Be7 14. Be2 Nf6 15. h3 a6 16. g4 Nd5 17. Qd2 Bh4+ 18. Kf1 Bh7 19. Ne3 Nxf4 20. Nc4 Nd5
21. Rh2 f5 22. Kg2 f4 23. Kh1 f3 24. Bf1 b5 25. Ne3 Nxe3 26. Qxe3 Bg5 27. Qf2 Bh4 28. Qe3 f2 29. Ne2 Bg5 30. Qg3 Bh4
31. Qe3 Rf3 32. Qd2 e3 33. Qd1 Be4
0-1

[Event "Capo di tutti capi"]
[Site "SchemingMind.com"]
[Date "2008.09.24"]
[Round "-"]
[White "thebirdolux"]
[Black "BlueMooner"]
[Result "1-0"]
[WhiteCountry "USA"]
[BlackCountry "ENG"]
[WhiteElo "2261"]
[WhiteRD "73"]
[BlackElo "1893"]
[BlackRD "71"]
[GameID "171944"]

1. e4 c5 2. Nc3 Nc6 3. g3 g6 4. Bg2 Bg7 5. d3 d6 6. Nge2 Nf6 7. h3 Rb8 8. Be3 O-O 9. Qd2 b5 10. a3 a5
11. O-O b4 12. axb4 axb4 13. Nd5 Nd7 14. Bh6 Bxb2 15. Bxf8 Bxa1 16. Bxe7 Nxe7 17. Nxe7+ Qxe7 18. Rxa1 Bb7 19. Nf4 Ra8 20. Rxa8+ Bxa8
21. d4 cxd4 22. Qxd4 Nc5 23. f3 b3 24. cxb3 Nxb3 25. Qa4 Qb7 26. Qe8+ Kg7 27. h4 Qc6 28. Qd8 Nd4 29. h5 Ne6 30. h6+ Kxh6
31. Nxe6 fxe6 32. Qf8+ Kh5 33. Qf4 Qc5+ 34. Kh2 Qg5 35. g4+ Kh6 36. Qf8#
1-0

[Event "Capo di tutti capi"]
[Site "SchemingMind.com"]
[Date "2008.09.24"]
[Round "-"]
[White "tyler199"]
[Black "BlueMooner"]
[Result "0-1"]
[WhiteCountry "CAN"]
[BlackCountry "ENG"]
[WhiteElo "1633"]
[WhiteRD "53"]
[BlackElo "1920"]
[BlackRD "71"]
[GameID "171947"]

1. e4 c5 2. Nf3 g6 3. d4 cxd4 4. Nxd4 Nc6 5. c4 Nf6 6. Nc3 d6 7. Be2 Nxd4 8. Qxd4 Bg7 9. Be3 O-O 10. Qd2 Be6
11. f3 Qa5
0-1

[Event "Capo di tutti capi"]
[Site "SchemingMind.com"]
[Date "2008.09.20"]
[Round "-"]
[White "tyler199"]
[Black "smothered mate"]
[Result "0-1"]
[WhiteCountry "CAN"]
[BlackCountry "POL"]
[WhiteElo "1633"]
[WhiteRD "53"]
[BlackElo "1931"]
[BlackRD "51"]
[GameID "171949"]

1. e4 c5 2. Nf3 d6 3. d4 cxd4 4. Nxd4 Nf6 5. Nc3 g6 6. Be3 Bg7 7. f3 O-O 8. Qd2 Nc6 9. Bc4 Bd7 10. O-O-O Rb8
11. Bb3 Na5 12. Bh6 Bxh6
0-1

[Event "Capo di tutti capi"]
[Site "SchemingMind.com"]
[Date "2008.09.21"]
[Round "-"]
[White "tyler199"]
[Black "Schaakmaatje"]
[Result "0-1"]
[WhiteCountry "CAN"]
[BlackCountry "NED"]
[WhiteElo "1633"]
[WhiteRD "53"]
[BlackElo "1851"]
[BlackRD "48"]
[GameID "171950"]

1. e4 c5 2. Nf3 d6 3. d4 cxd4 4. Nxd4 Nf6 5. Nc3 g6 6. Be3 Bg7 7. f3 O-O 8. Qd2 a6 9. O-O-O Nc6 10. Nxc6 bxc6
11. Bc4 Be6 12. Bxe6 fxe6
0-1

[Event "Capo di tutti capi"]
[Site "SchemingMind.com"]
[Date "2008.09.21"]
[Round "-"]
[White "tyler199"]
[Black "thebirdolux"]
[Result "0-1"]
[WhiteCountry "CAN"]
[BlackCountry "USA"]
[WhiteElo "1633"]
[WhiteRD "53"]
[BlackElo "2227"]
[BlackRD "74"]
[GameID "171951"]

1. e4 c5 2. Nf3 e6 3. d4 cxd4 4. Nxd4 a6 5. c4 Nf6 6. Nc3 Qc7 7. a3 Nxe4 8. Nxe6 dxe6 9. Nxe4 Be7 10. Bd3 f5
11. Ng3 O-O 12. O-O Rd8 13. Qe2 Nc6
0-1

[Event "Capo di tutti capi"]
[Site "SchemingMind.com"]
[Date "2008.09.20"]
[Round "-"]
[White "tyler199"]
[Black "TRFz"]
[Result "0-1"]
[WhiteCountry "CAN"]
[BlackCountry "GBR"]
[WhiteElo "1633"]
[WhiteRD "53"]
[BlackElo "2213"]
[BlackRD "61"]
[GameID "171952"]

1. e4 c5 2. Nf3 Nc6 3. d4 cxd4 4. Nxd4 g6 5. c4 Nf6 6. Nc3 Nxd4 7. Qxd4 d6 8. f3 Bg7 9. Be3 O-O 10. Qd2 Be6
0-1

[Event "Capo di tutti capi"]
[Site "SchemingMind.com"]
[Date "2008.09.20"]
[Round "-"]
[White "smothered mate"]
[Black "tyler199"]
[Result "1-0"]
[WhiteCountry "POL"]
[BlackCountry "CAN"]
[WhiteElo "1931"]
[WhiteRD "51"]
[BlackElo "1633"]
[BlackRD "53"]
[GameID "171955"]

1. e4 c5 2. c3 d5 3. exd5 Qxd5 4. d4 cxd4 5. cxd4 Nc6 6. Be3 e5 7. Nc3 Bb4 8. Nf3 exd4 9. Nxd4 Nf6 10. Be2 Nxd4
11. Qxd4 Qxd4= 12. Bxd4 Bf5 13. Bb5+
1-0

[Event "Capo di tutti capi"]
[Site "SchemingMind.com"]
[Date "2008.09.21"]
[Round "-"]
[White "Schaakmaatje"]
[Black "tyler199"]
[Result "1-0"]
[WhiteCountry "NED"]
[BlackCountry "CAN"]
[WhiteElo "1851"]
[WhiteRD "48"]
[BlackElo "1633"]
[BlackRD "53"]
[GameID "171956"]

1. e4 c5 2. c3 d5 3. exd5 Qxd5 4. Nf3 Nc6 5. Na3 Bg4 6. Be2 e6 7. Nb5 Qd7 8. O-O a6 9. Qa4 Nf6 10. d4 cxd4
11. Nbxd4 Nxd4 12. Qxd7+ Kxd7 13. Nxd4
1-0

[Event "Capo di tutti capi"]
[Site "SchemingMind.com"]
[Date "2008.09.21"]
[Round "-"]
[White "thebirdolux"]
[Black "tyler199"]
[Result "1-0"]
[WhiteCountry "USA"]
[BlackCountry "CAN"]
[WhiteElo "2227"]
[WhiteRD "74"]
[BlackElo "1633"]
[BlackRD "53"]
[GameID "171957"]

1. e4 c5 2. Nf3 d6 3. d4 cxd4 4. Nxd4 Nf6 5. Nc3 a6 6. Be3 e6 7. g4 h6 8. Bg2 Nc6 9. h3 Ne5 10. Qe2 g5
11. f4 gxf4 12. Bxf4 Bd7 13. Nf3
1-0

[Event "Capo di tutti capi"]
[Site "SchemingMind.com"]
[Date "2008.09.25"]
[Round "-"]
[White "riverriver"]
[Black "BlueMooner"]
[Result "1-0"]
[WhiteCountry "USA"]
[BlackCountry "ENG"]
[WhiteElo "1980"]
[WhiteRD "77"]
[BlackElo "1795"]
[BlackRD "81"]
[GameID "172347"]

1. e4 c5 2. Nf3 Nc6 3. Bb5 Nf6 4. Nc3 Qc7 5. O-O a6 6. Bc4 b5 7. Be2 e6 8. d3 Be7 9. a3 Bb7 10. g3 O-O
11. Bf4 d6 12. Kh1 Rad8 13. Qb1 Nd4 14. Qd1 e5 15. Bg5 b4 16. axb4 cxb4 17. Bxf6 Bxf6 18. Nxd4 bxc3 19. Nb3 cxb2 20. Rb1 d5
21. Rxb2 dxe4 22. Kg1 exd3 23. cxd3 Qc6 24. f3 e4 25. Rb1 exd3 26. Bxd3
1-0